Normal view
MARC view
Entry Personal Name
001 - CONTROL NUMBER
- control field: 9739
003 - CONTROL NUMBER IDENTIFIER
- control field: OSt
005 - DATE AND TIME OF LATEST TRANSACTION
- control field: 20150910112711.0
008 - FIXED-LENGTH DATA ELEMENTS
- fixed length control field: 150910|| aca||aabn | a|a d
040 ## - CATALOGING SOURCE
- Original cataloging agency: OSt
- Transcribing agency: OSt
100 ## - HEADING--PERSONAL NAME
- Personal name: Neruda, Pablo
670 ## - SOURCE DATA FOUND
- Source citation: Work cat.: (OSt)4738: Neruda, Pablo, Residence On Eath, 1993









